Great Britain's groans, or, An account of the oppression, ruin, and destruction of the loyal seamen of England, in the fatal loss of their pay, health and lives, and dreadful ruin of their families

Bibliographic Details
Main Author: Hodges, William, Sir, 1645?-1714
Format: eBook
Language:English
Published: [London : publisher not identified], 1695.
Series:Early English books online.
Subjects:
Online Access:Connect to the full text of this electronic book

MARC

Tag First Indicator Second Indicator Subfields
LEADER 00000nam a2200000Ia 4500
001 in00004244708
005 20200807093012.0
006 m g d
007 cr bn |||a|bb|
008 850321s1695 enk o 00| | eng d
035 |a (OCoLC)11833516 
040 |a EAA  |c EAA  |d m/c  |d WaOLN 
037 |a CL0037000014  |b ProQuest Information and Learning. 300 N. Zeeb Rd., Ann Arbor, MI 48106 
049 |a UMIA 
100 1 |a Hodges, William,  |c Sir,  |d 1645?-1714. 
245 1 0 |a Great Britain's groans, or, An account of the oppression, ruin, and destruction of the loyal seamen of England, in the fatal loss of their pay, health and lives, and dreadful ruin of their families 
260 |a [London :  |b publisher not identified],  |c 1695. 
300 |a 1 online resource ([4], 26, [1] pages) 
336 |a text  |b txt  |2 rdacontent 
337 |a computer  |b c  |2 rdamedia 
338 |a online resource  |b cr  |2 rdacarrier 
500 |a First edition. 
500 |a Dedication signed: William Hodges. 
500 |a Reproduction of original in Huntington Library. 
510 4 |a Wing  |c H2327 
533 |a Electronic reproduction.  |b Ann Arbor, Mich. :  |c UMI,  |d 1999-  |f (Early English books online)  |n Digital version of: (Early English books, 1641-1700 ; 497:11)  |7 s1999 miun s 
610 1 0 |a England and Wales.  |b Royal Navy. 
740 0 |a Great Britain's groans. 
740 0 |a Account of the oppression, ruin, and destruction of the loyal seamen of England. 
830 0 |a Early English books online. 
856 4 0 |u http://proxy.library.tamu.edu/login?url=https://search.proquest.com/docview/2240895398  |z Connect to the full text of this electronic book  |t 0 
999 f f |s 1a1c1779-3427-314b-a376-57c02026f81b  |i 2988e17c-797d-37df-9e17-9e259711bb26  |t 0 
952 f f |a Texas A&M University  |b College Station  |c Electronic Resources  |d Available Online  |t 0  |h No information provided 
998 f f |t 0  |l Available Online